<?xml version="1.0" encoding="UTF-8"?>
<record
    xmlns:xsi="http://www.w3.org/2001/XMLSchema-instance"
    xsi:schemaLocation="http://www.loc.gov/MARC21/slim http://www.loc.gov/standards/marcxml/schema/MARC21slim.xsd"
    xmlns="http://www.loc.gov/MARC21/slim">

  <leader>00657nam a22001937a 4500</leader>
  <controlfield tag="001">2879</controlfield>
  <controlfield tag="003">BD-DhBUF</controlfield>
  <controlfield tag="005">20251201155107.0</controlfield>
  <controlfield tag="008">251201b        bg ||||| |||| 00| 0 ben d</controlfield>
  <datafield tag="020" ind1=" " ind2=" ">
    <subfield code="a">9789849904731</subfield>
  </datafield>
  <datafield tag="040" ind1=" " ind2=" ">
    <subfield code="a">BD-DhBUF</subfield>
    <subfield code="c">BD-DhBUF</subfield>
  </datafield>
  <datafield tag="100" ind1=" " ind2=" ">
    <subfield code="a">&#x9A4;&#x9C1;&#x9B7;&#x9BE;&#x9B0;, &#x993;&#x9AF;&#x9BC;&#x9BE;&#x9B9;&#x9BF;&#x9A6;</subfield>
    <subfield code="9">4109</subfield>
  </datafield>
  <datafield tag="245" ind1=" " ind2=" ">
    <subfield code="a">&#x98F;&#x995;&#x9BE; &#x9A5;&#x9BE;&#x995;&#x9A4;&#x9C7; &#x9B6;&#x9BF;&#x996;&#x9C1;&#x9A8; :</subfield>
    <subfield code="b">&#x9A6;&#x9CD;&#x9AF; &#x9B8;&#x9BF;&#x995;&#x9CD;&#x9B0;&#x9C7;&#x99F; &#x995;&#x9CB;&#x9A1; &#x985;&#x9AC; &#x9AA;&#x9CD;&#x9B0;&#x9CB;&#x9A1;&#x9BE;&#x995;&#x9CD;&#x99F;&#x9BF;&#x9AD;&#x9BF;&#x99F;&#x9BF; /</subfield>
    <subfield code="c"> &#x993;&#x9AF;&#x9BC;&#x9BE;&#x9B9;&#x9BF;&#x9A6; &#x9A4;&#x9C1;&#x9B7;&#x9BE;&#x9B0;,</subfield>
  </datafield>
  <datafield tag="260" ind1=" " ind2=" ">
    <subfield code="a">Dhaka :</subfield>
    <subfield code="b">Kendrobindu, </subfield>
    <subfield code="c">2024.</subfield>
  </datafield>
  <datafield tag="300" ind1=" " ind2=" ">
    <subfield code="a">176p. :</subfield>
    <subfield code="c">22cm. ;</subfield>
  </datafield>
  <datafield tag="526" ind1=" " ind2=" ">
    <subfield code="a">IE</subfield>
  </datafield>
  <datafield tag="650" ind1=" " ind2=" ">
    <subfield code="a">Bengali literature</subfield>
    <subfield code="9">171</subfield>
  </datafield>
  <datafield tag="942" ind1=" " ind2=" ">
    <subfield code="2">ddc</subfield>
    <subfield code="c">BK</subfield>
  </datafield>
  <datafield tag="999" ind1=" " ind2=" ">
    <subfield code="c">2879</subfield>
    <subfield code="d">2879</subfield>
  </datafield>
  <datafield tag="952" ind1=" " ind2=" ">
    <subfield code="0">0</subfield>
    <subfield code="1">0</subfield>
    <subfield code="2">ddc</subfield>
    <subfield code="4">0</subfield>
    <subfield code="7">0</subfield>
    <subfield code="a">BUFTL</subfield>
    <subfield code="b">BUFTL</subfield>
    <subfield code="d">2025-11-30</subfield>
    <subfield code="l">0</subfield>
    <subfield code="o">158.1 T964e 2024</subfield>
    <subfield code="p">2025-0447</subfield>
    <subfield code="r">2025-12-01 15:52:00</subfield>
    <subfield code="t">C-1</subfield>
    <subfield code="w">2025-12-01</subfield>
    <subfield code="y">BK</subfield>
  </datafield>
</record>
